[Event "WA State Championship (Invitational)"]
[Site "Orlov Chess Academy at Redmon"]
[Date "2022.02.13"]
[Round "4"]
[White "Seshadri, Sridhar"]
[Black "Wang, Ted"]
[Result "0-1"]
[WhiteElo "1792"]
[BlackElo "1800"]
[Annotator "Ted Wang"]
[PlyCount "128"]
[EventDate "2022.??.??"]
[TimeControl "40/120:0"]

{[%evp 0,128,25,-63,-72,-70,-9,-15,-21,-53,-29,-33,-21,-36,-20,-11,-2,-3,41,5,
38,17,6,33,33,33,113,65,116,76,120,59,49,49,61,44,34,17,42,32,83,56,141,60,128,
156,169,165,158,152,165,164,205,207,202,186,175,189,190,207,270,265,284,256,
280,244,273,182,191,191,196,205,211,211,225,177,243,227,238,261,276,295,308,
318,341,353,361,242,248,212,193,150,136,133,148,124,138,138,138,150,138,119,
138,139,139,148,148,135,172,167,185,169,221,158,193,189,237,180,133,157,140,59,
63,-408,-787,-805,-862,-1026,-1038,-1049,-924]} 1. b4 {This is a surprising
start} e5 2. Bb2 d6 3. a3 Nf6 4. g3 g6 5. Bg2 Bg7 {I started with my familiar
King’s Indian Defence} 6. Nf3 O-O 7. O-O Nbd7 8. c4 Ne8 9. e4 f5 10. exf5
gxf5 11. d3 c6 12. Re1 Qc7 13. Qb3 {By this point, white already established
an advantage with more space and ways to attack. Black did not have any play}
Kh8 14. Bc3 {This is a strange move without a clear intention} c5 15. Qb2 Qd8
16. Nbd2 Nc7 17. Nf1 Ne6 18. Qc1 Nd4 19. Nxd4 exd4 {This was a mistake because
the e file was opened} 20. Bd2 Nf6 {This was a blunder. Ne5 to block the e
file was the best move} 21. Bh6 Qd7 22. Bxg7+ Qxg7 23. Qf4 Rd8 24. Nd2 Qg4 25.
Qxg4 Nxg4 26. bxc5 dxc5 27. h3 Nf6 28. Re5 Rg8 29. Rxc5 {By this point, black
completely lost with material down and pawn structure damaged} Be6 30. Nf3 Rad8
31. Re1 Bc8 32. Rc7 f4 33. Kh2 fxg3+ 34. fxg3 Rg7 35. Ree7 Rxe7 36. Rxe7 Kg8
37. Ng5 h6 38. Ne4 Nxe4 39. Bxe4 Kf8 40. Rh7 Kg8 41. Rxh6 {Black down by two
pawns now. The situation was hopeless.} Kg7 42. Rh7+ Kf6 43. Bxb7 {This
appeared to a natural move to gain more material, but actually gave black
counterplay. Black had a small hope alive now.} Bf5 44. Rh4 Bxd3 {Black now
had a pass pawn, a small hope to come back.} 45. Bd5 Ke5 46. Rh5+ Kf6 47. Rh6+
Kf5 48. Rh5+ Kf6 49. Rh6+ Kf5 50. Kg1 Re8 51. g4+ Kg5 52. Re6 Rb8 53. Kf2 Kf4
54. Rf6+ Ke5 55. Rf7 Bg6 56. Rb7 Rf8+ 57. Ke1 d3 58. Rg7 Rf6 59. g5 Rb6 60.
Re7+ Kd4 61. Rb7 {This was a blunder because now black’s d pawn can promote!}
Rxb7 62. Bxb7 Ke3 63. Bc8 d2+ 64. Kd1 Be8 0-1